000
00300nam a2200133Ia 4500
008
240624s9999 xx 000 0 und d
041
_a
eng
082
_a
519.5 SHA
100
_a
SHARMA SUBHASH
245
_a
APPLIED MULTIVARIATE TECHNIQUES
260
_c
1996
300
_a
512 : p.
365
_c
_b
28
999
_c
27976
_d
27976